书目信息 |
| 题名: |
微量元素地理学
|
|
| 作者: | 多布罗沃利斯基 , Добровольский 著 ;朱颜明 译 | |
| 分册: | ||
| 出版信息: | 北京 科学出版社 1987 |
|
| 页数: | 232页 | |
| 开本: | 20cm | |
| 丛书名: | ||
| 单 册: | ||
| 中图分类: | P591 | |
| 科图分类: | ||
| 主题词: | 微量元素:地球化学 , 地球化学:微量元素 , 地球化学 | |
| 电子资源: | ||
| ISBN: | ||
| 000 | 01014nam0 2200313 45 | |
| 001 | 0187010153 | |
| 005 | 20040701100452.7 | |
| 010 | @dCNY2.15 | |
| 091 | @a13031.3655 | |
| 100 | @a19900903d1987 emky0chiy0121 ea | |
| 101 | 1 | @achi@crus |
| 102 | @aCN@b110000 | |
| 105 | @af z 000yy | |
| 106 | @ar | |
| 200 | 10 | @a微量元素地理学@Awei liang yuan su di li xue@f(苏)多布罗沃利斯基(Добровольский,В.В.)著@g朱颜明译 |
| 210 | @a北京@c科学出版社@d1987 | |
| 215 | @a232页@c图@d20cm | |
| 300 | @a书名原文: География микроэлементов | |
| 510 | 1 | @aГеография микроэлементов@zrus |
| 606 | @a微量元素:地球化学 | |
| 606 | @a地球化学:微量元素 | |
| 606 | 0 | @a地球化学 |
| 690 | @aP591@v3 | |
| 701 | 1 | @a多布罗沃利斯基@Aduo bu luo wo li si ji@bВ.В.@4著 |
| 701 | A1 | @aДобровольский@bВ.В.@4著 |
| 702 | 0 | @a朱颜明@Azhu yan ming@4译 |
| 801 | 0 | @aCN@b深圳图书馆@c20040524 |
| 801 | 2 | @aCN@bNLC@c20040524 |
| 905 | @dP591@e37@f1@b205911 | |
| 微量元素地理学/(苏)多布罗沃利斯基(Добровольский,В.В.)著/朱颜明译.-北京:科学出版社,1987 |
| 232页:图;20cm |
| 书名原文: География микроэлементов |
| ISBN :CNY2.15 |
| ● |
| 相关链接 |
|
|
|
|
正题名:微量元素地理学
索取号:P591/37
 
预约/预借
| 序号 | 登录号 | 条形码 | 馆藏地/架位号 | 状态 | 备注 |
| 1 | 0205911 | 001937417 | 第三借阅区/ [索取号:P591/37] | 在馆 | |
| 2 | 0205912 | 000073841 | 第三借阅区/ [索取号:P591/37] | 在馆 | |
| 3 | 0205913 | 000073832 | 第二样本阅览室/ [索取号:P591/37] | 在馆 |